| 000 | 00680nam a2200217 a 4500 | ||
|---|---|---|---|
| 005 | 20241029063712.0 | ||
| 008 | 030310s1996 es r 000 0 spa d | ||
| 020 | _a8470304232 | ||
| 035 | _aUPN01000122684 | ||
| 049 | _aCG | ||
| 050 | 4 |
_aGV361 _bS2.2 |
|
| 100 | 1 | _aSánchez Bañuelos, Fernando | |
| 245 | 1 | 3 |
_aLa actividad física orientada hacia la salud / _cFernando Sánchez Bañuelos. |
| 260 |
_aMadrid : _bBiblioteca Nueva, _c1996. |
||
| 300 |
_a302 p. : _btablas, gráfs. |
||
| 440 | 0 | _aDeportes | |
| 650 | 4 |
_aEducación física _xEstudio y enseñanza _94839 |
|
| 650 | 4 |
_aDeportes _xAspectos sociales _912173 |
|
| 650 | 7 |
_aActividades físicas _2 _9145 |
|
| 905 | _aLibro | ||
| 999 |
_c94867 _d94867 |
||